<?xml version="1.0" encoding="UTF-8"?>
<collection xmlns="http://www.loc.gov/MARC21/slim">
 <record>
  <leader>01444nam a2200193Ia 4500</leader>
  <controlfield tag="001">TDMU_29122</controlfield>
  <controlfield tag="008">210410s9999    xx            000 0 und d</controlfield>
  <datafield tag="082" ind1=" " ind2=" ">
   <subfield code="a">526.3</subfield>
  </datafield>
  <datafield tag="090" ind1=" " ind2=" ">
   <subfield code="b">H531</subfield>
  </datafield>
  <datafield tag="100" ind1=" " ind2=" ">
   <subfield code="a">Huỳnh, Cẩm Hằng</subfield>
  </datafield>
  <datafield tag="245" ind1=" " ind2="0">
   <subfield code="a">Hoàn thiện quy trình xuất khẩu thang leo của Công ty Trách nhiệm hữu hạn Werner Việt Nam</subfield>
  </datafield>
  <datafield tag="260" ind1=" " ind2=" ">
   <subfield code="a">Bình Dương</subfield>
  </datafield>
  <datafield tag="260" ind1=" " ind2=" ">
   <subfield code="c">2016</subfield>
  </datafield>
  <datafield tag="300" ind1=" " ind2=" ">
   <subfield code="a">72 tr + Phụ lục</subfield>
  </datafield>
  <datafield tag="520" ind1=" " ind2=" ">
   <subfield code="a">Chuyên ngành: Ngoại thương; Không ý kiến về việc số hóa, sao chép tài liệu; Khóa luận trình bày: Cơ sở lý luận chung về đầu tư nước ngoài và hoạt động xuất khẩu; thực trạng  xuất khẩu tại Công ty TNHH Werner Việt Nam; một số giải pháp nâng cao hiệu quả xuất khẩu cho Công ty TNHH Werner Việt Nam ; TM tài liệu tham khảo tr. 72; Khóa luận tốt nghiệp Đại học trường Đại học Thủ Dầu Một, 2012 - 2016</subfield>
  </datafield>
  <datafield tag="650" ind1=" " ind2=" ">
   <subfield code="a">Quản trị kinh doanh</subfield>
   <subfield code="x">Mậu dịch</subfield>
   <subfield code="x">Xuất khẩu</subfield>
   <subfield code="x">Thang leo</subfield>
   <subfield code="x">Quy trình; Ngoại thương</subfield>
   <subfield code="x">Xuất khẩu</subfield>
   <subfield code="x">Thang leo</subfield>
   <subfield code="x">Quy trình; Khóa luận</subfield>
  </datafield>
  <datafield tag="700" ind1=" " ind2=" ">
   <subfield code="a">Trường Đại học Thủ Dầu Một</subfield>
  </datafield>
  <datafield tag="856" ind1=" " ind2=" ">
   <subfield code="u">http://lrc.tdmu.edu.vn/opac/search/detail.asp?aID=2&amp;ID=29122</subfield>
  </datafield>
  <datafield tag="980" ind1=" " ind2=" ">
   <subfield code="a">Trung tâm Học liệu Trường Đại học Thủ Dầu Một</subfield>
  </datafield>
 </record>
</collection>
